000 00392nam a22001697a 4500
003 MPLRDC
005 20220104142853.0
008 210129b ||||| |||| 00| 0 eng d
082 _a177.2 CCM-3
100 _a蔡聪明主编
245 _a创业致富36计
_c
260 _a
_b文国书局
_c1983
300 _b
490 _a工商圈丛书
650 _a
942 _cBK
_o177.2 CCM-3
999 _c34389
_d34379